Tribhuvan University Central Library

Kakshya satma Nepali vyakaran sikshyan garda prayog gariraheka karyakalapko adhyayan (Record no. 104336)

MARC details
000 -LEADER
fixed length control field 00577nam a22001817a 4500
008 - FIXED-LENGTH DATA ELEMENTS--GENERAL INFORMATION
fixed length control field 220417b |||||||| |||| 00| 0 eng d
041 ## - LANGUAGE CODE
Language code of text/sound track or separate title Nep.
082 ## - DEWEY DECIMAL CLASSIFICATION NUMBER
Classification number CD 19566
100 ## - MAIN ENTRY--PERSONAL NAME
Personal name Rai, Purnamaya
245 ## - TITLE STATEMENT
Title Kakshya satma Nepali vyakaran sikshyan garda prayog gariraheka karyakalapko adhyayan
260 ## - PUBLICATION, DISTRIBUTION, ETC. (IMPRINT)
Place of publication, distribution, etc Pachthar:
Date of publication, distribution, etc 2075 BS
502 ## - DISSERTATION NOTE
Dissertation note Dissertation ( Degree in Nepali Language education), Pachthar Bahumukhi Campus
650 ## - SUBJECT ADDED ENTRY--TOPICAL TERM
Topical term or geographic name as entry element Nepali language
650 ## - SUBJECT ADDED ENTRY--TOPICAL TERM
Topical term or geographic name as entry element Nepali grammer
650 ## - SUBJECT ADDED ENTRY--TOPICAL TERM
Topical term or geographic name as entry element Teaching technique
650 ## - SUBJECT ADDED ENTRY--TOPICAL TERM
Topical term or geographic name as entry element Teaching activities
942 ## - ADDED ENTRY ELEMENTS (KOHA)
Source of classification or shelving scheme Dewey Decimal Classification
Koha item type Audio Visual Materials
Holdings
Withdrawn status Lost status Source of classification or shelving scheme Damaged status Not for loan Home library Current library Date acquired Total Checkouts Full call number Barcode Date last seen Price effective from Koha item type
    Dewey Decimal Classification     Tribhuvan University Central Library Tribhuvan University Central Library 04/17/2022   CD 19566 A 19516 04/17/2022 04/17/2022 Audio Visual Materials